Cơ nhiệt Khối B

Đã lưu trong:
Sonraí Bibleagrafaíochta
Príomhúdar: Nguyễn Quốc Thắng
Formáid: Leabhar
Teanga:Undetermined
Foilsithe: Tp. HCM Trường Đại học Tổng hợp Tp. HCM 1994
Ábhair:
Clibeanna: Cuir Clib Leis
Gan Chlibeanna, Bí ar an gcéad duine leis an taifead seo a chlibeáil!
Thư viện lưu trữ: Trung tâm Học liệu Trường Đại học Cần Thơ
LEADER 00570nam a2200193Ia 4500
001 CTU_35584
008 210402s9999 xx 000 0 und d
082 |a 531 
082 |b Th116 
100 |a Nguyễn Quốc Thắng 
245 0 |a Cơ nhiệt 
245 0 |b Khối B 
245 0 |c Nguyễn Quốc Thắng 
260 |a Tp. HCM 
260 |b Trường Đại học Tổng hợp Tp. HCM 
260 |c 1994 
650 |a heat,mechanics 
904 |i Nguyễn Quang Điền, 000306 
980 |a Trung tâm Học liệu Trường Đại học Cần Thơ